| 000 | 00641nam a2200205Ia 4500 | ||
|---|---|---|---|
| 003 | GCL | ||
| 008 | 140319s9999 xx 000 0 ara d | ||
| 040 |
_aGCL / _cGCL |
||
| 082 | 0 | 4 |
_a927 _bز ن |
| 100 | 1 | _aزينب عبدالعزيز | |
| 245 | 1 | 0 |
_aالنزعة الانسانية عند فنسان فان جوخ من خلال مراسلاته / _cزينب عبدالعزيز |
| 260 |
_a[S.N] : _bالهيئة المصرية العامة للكتاب ، _c1993 |
||
| 300 | _a306 ص | ||
| 490 | _a | ||
| 650 | 0 | 4 | _aالفنانون |
| 650 | 0 | 4 | _aالفن |
| 650 | 0 | 4 | _aالرسامون |
| 650 | 0 | 4 | _aفان جوخ |
| 942 |
_2ddc _cBK |
||
| 999 |
_c29924 _d29924 |
||